SD Huesca Squad 2025-2026 - Statistics

General Stats
  • This quiz has been taken 6 times
    4 since last reset
  • The average score is 19 of 37
Answer Stats
# Position Nation Player % Correct
13 GK Spain Dani Jiménez
100%
14 DF Spain Jorge Pulido
100%
9 FW Spain Sergi Enrich
100%
4 DF Spain Álvaro Carrillo
75%
- Coach Spain Bolo
75%
33 MF Colombia Daniel Luna
75%
18 FW Spain Enol Rodríguez
75%
10 MF Spain Iker Kortajarena
75%
1 GK Spain Juan Pérez
75%
23 MF Spain Óscar Sielva
75%
5 DF Spain Piña
75%
- Coach Spain Sergi Guilló
75%
2 DF Spain Toni Abad
75%
15 FW Spain Álex Cantero
50%
22 DF Spain Ángel Pérez
50%
20 FW Spain Francisco Portillo
50%
15 DF Spain Hugo Pérez
50%
10 MF Spain Jaime Seoane
50%
12 DF Spain Joaquín Fernández
50%
17 DF Spain Julio Alonso
50%
11 FW Spain Liberto Beltrán
50%
28 DF Spain Sergio Arribas
50%
30 GK Spain Dani Martín
25%
21 FW Spain Dani Ojeda
25%
31 FW Spain Diego Aznar
25%
24 FW Nigeria Efe Aghama
25%
38 MF Argentina Gustavo Albarracín
25%
19 FW Uruguay Ignacio Laquintana
25%
6 MF Spain Javi Mier
25%
16 MF Spain Jesús Álvarez
25%
7 FW Spain Jordi Escobar
25%
8 DF Spain Jordi Martín
25%
7 MF Spain Manu Rico
25%
22 MF Ghana Michael Agbekpornu
25%
3 DF Spain Ro Abajas
25%
19 FW France Samuel Ntamack
25%
37 FW Chile Willy Chatiliez
25%
No matching quizzes found
Score Distribution
Percent of People with Each Score
Percentile by Number Answered
Your Score History
You have not taken this quiz since the last reset